Clic Les chats dans l'univers Disney - Statistiques

Statistiques générales
  • Ce quiz a été pris 227 fois
  • Le résultat moyen est 13 sur 27
Statistiques - réponses
Hint Explanation Réponse % Correct
Duchesse 1970 Les Aristochats
95%
Berlioz 1970 Les Aristochats
92%
Marie 1970 Les Aristochats
91%
Toulouse 1970 Les Aristochats
87%
Oliver 1988 Oliver et Compagnie
86%
Thomas O'Malley 1970 Les Aristochats
82%
Rajah 1992 Aladdin
81%
Lucifer 1950 Cendrillon
67%
Yzma 2000 Kuzco l'empereur mégalo
67%
Figaro 1940 Pinocchio
65%
Madame Mim 1963 Merlin l'enchanteur
59%
Scat Cat 1970 Les Aristochats
53%
Dinah 1951 Alice au pays des merveilles
45%
Si 1955 La Belle et le Clochard
43%
Mitaine 2008 Volt, Star malgré lui
40%
Le Chafouin 1951 Alice au pays des merveilles
38%
Gédéon 1940 Pinocchio
37%
AM 1955 La Belle et le Clochard
29%
Sergent Tib's 1961 Les 101 dalmatiens
25%
Hit Cat 1970 Les Aristochats
23%
Rufus 1977 Les aventures de Bernard et Bianca
18%
Félicia 1986 Basil, détective privé
14%
Moustache 2005 Les Indestructibles
11%
Shun Gon 1970 Les Aristochats
10%
Peppo 1970 Les Aristochats
8%
Billy Boss 1970 Les Aristochats
8%
Blanche Neige 1997 Hercule
6%
Aucun quiz correspondant
Distribution des résultats
% des personnes avec chaque résultat
Percentile par nombre de réponses
Votre historique - résultats
Vous n’avez pas pris ce quiz